[Event "M.I. Dvoretsky Memorial 2022"]
[Site "Moscow, Russia"]
[Date "2022.12.12"]
[Round "6.3"]
[White "Popov, Ivan"]
[Black "Grebnev, Aleksey"]
[Result "1/2-1/2"]
[TimeControl "45'+15\""]
[WhiteTitle "GM"]
[BlackTitle "IM"]
[WhiteFideId "4170350"]
[BlackFideId "34189030"]
[WhiteElo "2627"]
[BlackElo "2486"]

1. e4 {[%clk 00:45:16]} {[%emt 00:00:13]} c5 {[%clk 00:45:21]} {[%emt
00:00:10]} 2. Nc3 {[%clk 00:45:23]} {[%emt 00:00:07]} d6 {[%clk 00:45:31]}
{[%emt 00:00:06]} 3. d4 {[%clk 00:45:08]} {[%emt 00:00:30]} cxd4 {[%clk
00:45:42]} {[%emt 00:00:04]} 4. Qxd4 {[%clk 00:45:19]} {[%emt 00:00:03]} Nc6
{[%clk 00:45:54]} {[%emt 00:00:03]} 5. Qd2 {[%clk 00:45:26]} {[%emt 00:00:08]}
g6 {[%clk 00:46:05]} {[%emt 00:00:04]} 6. b3 {[%clk 00:45:36]} {[%emt
00:00:05]} Bh6 {[%clk 00:46:17]} {[%emt 00:00:03]} 7. f4 {[%clk 00:45:44]}
{[%emt 00:00:06]} f5 {[%clk 00:46:25]} {[%emt 00:00:07]} 8. Bb2 {[%clk
00:44:32]} {[%emt 00:01:28]} Nf6 {[%clk 00:46:34]} {[%emt 00:00:06]} 9. O-O-O
{[%clk 00:42:45]} {[%emt 00:02:01]} Rf8 {[%clk 00:44:59]} {[%emt 00:01:50]} 10.
Nge2 {[%clk 00:40:32]} {[%emt 00:02:28]} Qa5 {[%clk 00:43:04]} {[%emt
00:02:11]} 11. g3 {[%clk 00:32:14]} {[%emt 00:08:33]} fxe4 {[%clk 00:41:29]}
{[%emt 00:01:50]} 12. Bg2 {[%clk 00:31:55]} {[%emt 00:00:33]} g5 {[%clk
00:36:31]} {[%emt 00:05:13]} 13. Kb1 {[%clk 00:19:04]} {[%emt 00:13:07]} gxf4
{[%clk 00:34:25]} {[%emt 00:02:20]} 14. gxf4 {[%clk 00:19:11]} {[%emt
00:00:08]} Bg4 {[%clk 00:26:59]} {[%emt 00:07:41]} 15. Nxe4 {[%clk 00:17:33]}
{[%emt 00:01:54]} Nxe4 {[%clk 00:25:51]} {[%emt 00:01:22]} 16. Bxe4 {[%clk
00:17:46]} {[%emt 00:00:02]} Qxd2 {[%clk 00:24:53]} {[%emt 00:01:13]} 17. Rxd2
{[%clk 00:17:59]} {[%emt 00:00:02]} Bf5 {[%clk 00:24:53]} {[%emt 00:00:15]} 18.
Bxf5 {[%clk 00:17:10]} {[%emt 00:01:05]} Rxf5 {[%clk 00:25:01]} {[%emt
00:00:06]} 19. Rd3 {[%clk 00:17:21]} {[%emt 00:00:04]} Rh5 {[%clk 00:17:56]}
{[%emt 00:07:20]} 20. Ng3 {[%clk 00:12:14]} {[%emt 00:05:22]} Rh3 {[%clk
00:17:39]} {[%emt 00:00:29]} 21. f5 {[%clk 00:12:19]} {[%emt 00:00:12]} O-O-O
{[%clk 00:07:42]} {[%emt 00:10:13]} 22. f6 {[%clk 00:11:19]} {[%emt 00:01:15]}
exf6 {[%clk 00:06:13]} {[%emt 00:01:44]} 23. Bxf6 {[%clk 00:11:02]} {[%emt
00:00:32]} Rd7 {[%clk 00:06:20]} {[%emt 00:00:08]} 24. Rd5 {[%clk 00:04:26]}
{[%emt 00:06:50]} Bf4 {[%clk 00:04:44]} {[%emt 00:01:51]} 25. Rh5 {[%clk
00:04:26]} {[%emt 00:00:15]} Rxh5 {[%clk 00:04:51]} {[%emt 00:00:08]} 26. Nxh5
{[%clk 00:04:40]} {[%emt 00:00:01]} Be5 {[%clk 00:04:56]} {[%emt 00:00:10]} 27.
Bxe5 {[%clk 00:02:25]} {[%emt 00:02:29]} dxe5 {[%clk 00:05:06]} {[%emt
00:00:05]} 28. Rg1 {[%clk 00:02:26]} {[%emt 00:00:14]} Rd2 {[%clk 00:04:39]}
{[%emt 00:00:42]} 29. Rg8+ {[%clk 00:01:40]} {[%emt 00:00:59]} Kc7 {[%clk
00:04:31]} {[%emt 00:00:26]} 30. Rg7+ {[%clk 00:01:52]} {[%emt 00:00:03]} Kb6
{[%clk 00:04:38]} {[%emt 00:00:09]} 31. Nf6 {[%clk 00:01:44]} {[%emt 00:00:23]}
Rxh2 {[%clk 00:04:16]} {[%emt 00:00:37]} 32. Rxh7 {[%clk 00:01:32]} {[%emt
00:00:26]} Rxh7 {[%clk 00:03:39]} {[%emt 00:00:52]} 33. Nxh7 {[%clk 00:01:46]}
{[%emt 00:00:01]} Kc5 {[%clk 00:03:07]} {[%emt 00:00:47]} 34. c3 {[%clk
00:01:56]} {[%emt 00:00:04]} b5 {[%clk 00:03:07]} {[%emt 00:00:16]} 35. Kc2
{[%clk 00:01:02]} {[%emt 00:01:09]} a5 {[%clk 00:02:51]} {[%emt 00:00:31]} 36.
Kd3 {[%clk 00:01:13]} {[%emt 00:00:04]} b4 {[%clk 00:02:31]} {[%emt 00:00:35]}
37. Ke4 {[%emt 00:00:33]} 1/2-1/2

[Event "M.I. Dvoretsky Memorial 2022"]
[Site "Moscow, Russia"]
[Date "2022.12.12"]
[Round "6.2"]
[White "Nesterov, Arseniy"]
[Black "Riazantsev, Alexander"]
[Result "1/2-1/2"]
[TimeControl "45'+15\""]
[WhiteTitle "GM"]
[BlackTitle "GM"]
[WhiteFideId "24198455"]
[BlackFideId "4125029"]
[WhiteElo "2573"]
[BlackElo "2626"]

1. d4 {[%clk 00:45:22]} {[%emt 00:00:07]} Nf6 {[%clk 00:45:21]} {[%emt
00:00:09]} 2. c4 {[%clk 00:45:27]} {[%emt 00:00:10]} e6 {[%clk 00:45:22]}
{[%emt 00:00:15]} 3. Nf3 {[%clk 00:45:36]} {[%emt 00:00:05]} d5 {[%clk
00:45:32]} {[%emt 00:00:05]} 4. Nc3 {[%clk 00:45:47]} {[%emt 00:00:04]} Be7
{[%clk 00:45:40]} {[%emt 00:00:06]} 5. Bg5 {[%clk 00:45:57]} {[%emt 00:00:06]}
h6 {[%clk 00:45:42]} {[%emt 00:00:13]} 6. Bxf6 {[%clk 00:46:08]} {[%emt
00:00:04]} Bxf6 {[%clk 00:45:48]} {[%emt 00:00:08]} 7. e3 {[%clk 00:46:21]}
{[%emt 00:00:03]} O-O {[%clk 00:45:18]} {[%emt 00:00:45]} 8. h4 {[%clk
00:46:33]} {[%emt 00:00:03]} g6 {[%clk 00:42:18]} {[%emt 00:03:15]} 9. h5
{[%clk 00:46:33]} {[%emt 00:00:15]} g5 {[%clk 00:42:27]} {[%emt 00:00:06]} 10.
cxd5 {[%clk 00:46:45]} {[%emt 00:00:04]} exd5 {[%clk 00:42:28]} {[%emt
00:00:14]} 11. Bd3 {[%clk 00:46:56]} {[%emt 00:00:03]} Nc6 {[%clk 00:35:13]}
{[%emt 00:07:29]} 12. Bc2 {[%clk 00:44:21]} {[%emt 00:02:50]} Ne7 {[%clk
00:33:44]} {[%emt 00:01:44]} 13. Qe2 {[%clk 00:29:02]} {[%emt 00:15:34]} c6
{[%clk 00:31:37]} {[%emt 00:02:23]} 14. Ne5 {[%clk 00:27:24]} {[%emt 00:01:53]}
Bg7 {[%clk 00:25:54]} {[%emt 00:05:58]} 15. O-O-O {[%clk 00:25:06]} {[%emt
00:02:32]} f6 {[%clk 00:23:39]} {[%emt 00:02:31]} 16. Nd3 {[%clk 00:24:36]}
{[%emt 00:00:45]} f5 {[%clk 00:15:43]} {[%emt 00:08:11]} 17. f4 {[%clk
00:22:34]} {[%emt 00:02:16]} g4 {[%clk 00:15:41]} {[%emt 00:00:17]} 18. Ne5
{[%clk 00:22:45]} {[%emt 00:00:04]} Be6 {[%clk 00:15:24]} {[%emt 00:00:31]} 19.
Qd3 {[%clk 00:22:29]} {[%emt 00:00:32]} Rf6 {[%clk 00:14:38]} {[%emt 00:01:01]}
20. Kb1 {[%clk 00:21:28]} {[%emt 00:01:16]} Nc8 {[%clk 00:14:24]} {[%emt
00:00:29]} 21. Na4 {[%clk 00:20:37]} {[%emt 00:01:05]} Nd6 {[%clk 00:13:07]}
{[%emt 00:01:32]} 22. Nc5 {[%clk 00:20:47]} {[%emt 00:00:06]} Bc8 {[%clk
00:12:45]} {[%emt 00:00:36]} 23. Bb3 {[%clk 00:19:54]} {[%emt 00:01:08]} Qe8
{[%clk 00:12:03]} {[%emt 00:00:57]} 24. Rc1 {[%clk 00:19:52]} {[%emt 00:00:17]}
Kh8 {[%clk 00:10:17]} {[%emt 00:02:01]} 25. Ka1 {[%clk 00:19:13]} {[%emt
00:00:54]} a5 {[%clk 00:10:04]} {[%emt 00:00:28]} 26. a3 {[%clk 00:18:52]}
{[%emt 00:00:37]} Ra7 {[%clk 00:09:48]} {[%emt 00:00:31]} 27. Qc2 {[%clk
00:18:13]} {[%emt 00:00:54]} Ra8 {[%clk 00:08:31]} {[%emt 00:01:32]} 28. Ba2
{[%clk 00:18:16]} {[%emt 00:00:11]} Ra7 {[%clk 00:08:38]} {[%emt 00:00:08]} 29.
Bb1 {[%clk 00:18:17]} {[%emt 00:00:14]} Kg8 {[%clk 00:08:46]} {[%emt 00:00:07]}
30. Qb3 {[%clk 00:18:13]} {[%emt 00:00:19]} Qd8 {[%clk 00:06:45]} {[%emt
00:02:17]} 31. g3 {[%clk 00:17:18]} {[%emt 00:01:10]} Kh8 {[%clk 00:05:25]}
{[%emt 00:01:35]} 32. Rh4 {[%clk 00:15:22]} {[%emt 00:02:11]} Ra8 {[%clk
00:02:59]} {[%emt 00:02:42]} 33. Rh2 {[%clk 00:14:46]} {[%emt 00:00:50]} Ra7
{[%clk 00:03:14]} {[%emt 00:00:02]} 34. Na4 {[%clk 00:12:42]} {[%emt 00:02:18]}
Be6 {[%clk 00:03:09]} {[%emt 00:00:20]} 35. Qc2 {[%clk 00:11:57]} {[%emt
00:01:00]} Ne4 {[%clk 00:01:50]} {[%emt 00:01:35]} 36. Nc5 {[%clk 00:11:50]}
{[%emt 00:00:21]} Nxc5 {[%clk 00:02:04]} {[%emt 00:00:01]} 37. Qxc5 {[%clk
00:11:59]} {[%emt 00:00:06]} Ra8 {[%clk 00:02:18]} 38. Qc2 {[%clk 00:12:02]}
{[%emt 00:00:11]} Kg8 {[%clk 00:02:29]} {[%emt 00:00:05]} 39. Qb3 {[%clk
00:11:45]} {[%emt 00:00:32]} Ra7 {[%clk 00:02:22]} {[%emt 00:00:23]} 40. Qd3
{[%clk 00:10:58]} {[%emt 00:01:01]} a4 {[%clk 00:02:05]} {[%emt 00:00:32]} 41.
Rc5 {[%clk 00:10:17]} {[%emt 00:00:55]} Bd7 {[%clk 00:02:11]} {[%emt 00:00:10]}
42. Rc1 {[%clk 00:09:23]} {[%emt 00:01:08]} Be8 {[%clk 00:02:17]} {[%emt
00:00:10]} 43. Ba2 {[%clk 00:09:17]} {[%emt 00:00:20]} 1/2-1/2

[Event "M.I. Dvoretsky Memorial 2022"]
[Site "Moscow, Russia"]
[Date "2022.12.12"]
[Round "6.4"]
[White "Zvjaginsev, Vadim"]
[Black "Murzin, Volodar"]
[Result "1/2-1/2"]
[TimeControl "45'+15\""]
[WhiteTitle "GM"]
[BlackTitle "GM"]
[WhiteFideId "4113403"]
[BlackFideId "44155573"]
[WhiteElo "2598"]
[BlackElo "2561"]

1. g3 {[%clk 00:45:23]} {[%emt 00:00:07]} d5 {[%clk 00:44:52]} {[%emt
00:00:39]} 2. Nf3 {[%clk 00:45:27]} {[%emt 00:00:11]} Bg4 {[%clk 00:44:32]}
{[%emt 00:00:35]} 3. Bg2 {[%clk 00:45:35]} {[%emt 00:00:06]} e6 {[%clk
00:44:28]} {[%emt 00:00:20]} 4. O-O {[%clk 00:44:48]} {[%emt 00:01:02]} Nf6
{[%clk 00:44:12]} {[%emt 00:00:32]} 5. h3 {[%emt 00:02:01]} Bh5 6. c4 {[%clk
00:43:55]} {[%emt 00:00:22]} c6 {[%clk 00:43:12]} {[%emt 00:00:30]} 7. Qb3
{[%clk 00:41:26]} {[%emt 00:02:44]} Qb6 {[%clk 00:41:02]} {[%emt 00:02:25]} 8.
d3 {[%clk 00:39:58]} {[%emt 00:01:43]} Nbd7 {[%clk 00:40:13]} {[%emt 00:01:04]}
9. Be3 {[%clk 00:39:55]} {[%emt 00:00:19]} Bc5 {[%clk 00:38:15]} {[%emt
00:02:12]} 10. Bxc5 {[%clk 00:37:37]} {[%emt 00:02:35]} Nxc5 {[%clk 00:38:17]}
{[%emt 00:00:13]} 11. Qa3 {[%clk 00:37:07]} {[%emt 00:00:45]} Bxf3 {[%clk
00:34:35]} {[%emt 00:03:57]} 12. Bxf3 {[%clk 00:37:14]} {[%emt 00:00:07]} a5
{[%clk 00:34:44]} {[%emt 00:00:06]} 13. Nd2 {[%clk 00:35:56]} {[%emt 00:01:32]}
Qb4 {[%clk 00:32:26]} {[%emt 00:02:33]} 14. Rfc1 {[%clk 00:31:18]} {[%emt
00:04:53]} Nfd7 {[%clk 00:23:17]} {[%emt 00:09:25]} 15. Qxb4 {[%clk 00:25:12]}
{[%emt 00:06:22]} axb4 {[%clk 00:23:06]} {[%emt 00:00:25]} 16. d4 {[%clk
00:23:39]} {[%emt 00:01:47]} Na4 {[%clk 00:20:48]} {[%emt 00:02:33]} 17. cxd5
{[%clk 00:20:47]} {[%emt 00:03:07]} exd5 {[%clk 00:20:08]} {[%emt 00:00:55]} 18.
e4 {[%clk 00:19:36]} {[%emt 00:01:25]} dxe4 {[%clk 00:19:35]} {[%emt 00:00:48]}
19. Nxe4 {[%clk 00:19:39]} {[%emt 00:00:11]} Ke7 {[%clk 00:07:38]} {[%emt
00:12:12]} 20. Re1 {[%clk 00:16:39]} {[%emt 00:03:14]} Rhb8 {[%clk 00:07:36]}
{[%emt 00:00:18]} 21. d5 {[%clk 00:11:27]} {[%emt 00:05:28]} Kf8 {[%clk
00:07:19]} {[%emt 00:00:32]} 22. dxc6 {[%clk 00:10:48]} {[%emt 00:00:54]} bxc6
{[%clk 00:04:57]} {[%emt 00:02:37]} 23. b3 {[%clk 00:10:03]} {[%emt 00:00:59]}
Nab6 {[%clk 00:04:58]} {[%emt 00:00:14]} 24. Nd6 {[%clk 00:09:29]} {[%emt
00:00:49]} Nd5 {[%clk 00:04:37]} {[%emt 00:00:36]} 25. Rac1 {[%clk 00:08:51]}
{[%emt 00:00:53]} Nc3 {[%clk 00:02:22]} {[%emt 00:02:31]} 26. Bxc6 {[%clk
00:08:02]} {[%emt 00:01:04]} Ra6 {[%clk 00:02:33]} {[%emt 00:00:04]} 27. Bxd7
{[%clk 00:07:42]} {[%emt 00:00:35]} 1/2-1/2

[Event "M.I. Dvoretsky Memorial 2022"]
[Site "Moscow, Russia"]
[Date "2022.12.12"]
[Round "6.1"]
[White "Makarian, Rudik"]
[Black "Dreev, Aleksey"]
[Result "1-0"]
[TimeControl "45'+15\""]
[WhiteTitle "IM"]
[BlackTitle "GM"]
[WhiteFideId "44105681"]
[BlackFideId "4100107"]
[WhiteElo "2554"]
[BlackElo "2606"]

1. Nf3 {[%clk 00:45:01]} {[%emt 00:00:21]} d5 {[%clk 00:45:24]} {[%emt
00:00:14]} 2. g3 {[%clk 00:45:08]} {[%emt 00:00:07]} c6 {[%clk 00:45:27]}
{[%emt 00:00:12]} 3. Bg2 {[%clk 00:45:19]} {[%emt 00:00:04]} Bg4 {[%clk
00:45:36]} {[%emt 00:00:06]} 4. Ne5 {[%clk 00:45:29]} {[%emt 00:00:04]} Bf5
{[%clk 00:43:21]} {[%emt 00:02:31]} 5. d3 {[%clk 00:45:34]} {[%emt 00:00:10]}
Nf6 {[%clk 00:39:26]} {[%emt 00:04:10]} 6. Nd2 {[%clk 00:45:28]} {[%emt
00:00:21]} Nbd7 {[%clk 00:38:28]} {[%emt 00:01:13]} 7. e4 {[%clk 00:44:51]}
{[%emt 00:00:51]} Nxe5 {[%clk 00:33:34]} {[%emt 00:05:10]} 8. exf5 {[%clk
00:44:37]} {[%emt 00:00:29]} g6 {[%clk 00:33:21]} {[%emt 00:00:28]} 9. Qe2
{[%clk 00:37:14]} {[%emt 00:07:38]} Qc7 {[%clk 00:32:06]} {[%emt 00:01:29]} 10.
Nb3 {[%clk 00:31:23]} {[%emt 00:06:07]} Ned7 {[%clk 00:23:50]} {[%emt
00:08:31]} 11. Bf4 {[%clk 00:24:37]} {[%emt 00:07:00]} Qb6 {[%clk 00:23:43]}
{[%emt 00:00:22]} 12. Bh3 {[%clk 00:19:43]} {[%emt 00:05:09]} gxf5 {[%clk
00:14:03]} {[%emt 00:09:55]} 13. Bxf5 {[%clk 00:19:51]} {[%emt 00:00:05]} e6
{[%clk 00:12:07]} {[%emt 00:02:12]} 14. O-O {[%clk 00:14:56]} {[%emt 00:05:10]}
O-O-O {[%clk 00:12:00]} {[%emt 00:00:23]} 15. Bh3 {[%clk 00:15:08]} {[%emt
00:00:03]} h5 {[%clk 00:11:45]} {[%emt 00:00:31]} 16. a4 {[%clk 00:15:15]}
{[%emt 00:00:09]} Bh6 {[%clk 00:07:05]} {[%emt 00:04:54]} 17. Bd6 {[%clk
00:13:05]} {[%emt 00:02:25]} Bf8 {[%clk 00:05:36]} {[%emt 00:01:43]} 18. a5
{[%clk 00:12:52]} {[%emt 00:00:28]} Qa6 {[%clk 00:05:49]} {[%emt 00:00:03]} 19.
Bf4 {[%clk 00:10:28]} {[%emt 00:02:38]} Bh6 {[%clk 00:06:02]} {[%emt 00:00:02]}
20. Bd6 {[%clk 00:09:53]} {[%emt 00:00:51]} Bf8 {[%clk 00:06:00]} {[%emt
00:00:18]} 21. Bxf8 {[%clk 00:09:57]} {[%emt 00:00:11]} Rdxf8 {[%clk 00:06:05]}
{[%emt 00:00:10]} 22. c4 {[%clk 00:09:31]} {[%emt 00:00:41]} Rfg8 {[%clk
00:03:21]} {[%emt 00:02:59]} 23. Rfc1 {[%clk 00:05:03]} {[%emt 00:04:42]} h4
{[%clk 00:03:15]} {[%emt 00:00:20]} 24. Bf1 {[%clk 00:05:12]} {[%emt 00:00:06]}
Ng4 {[%clk 00:02:29]} {[%emt 00:01:02]} 25. h3 {[%clk 00:03:42]} {[%emt
00:01:46]} Nge5 {[%clk 00:01:56]} {[%emt 00:00:48]} 26. Nc5 {[%clk 00:03:15]}
{[%emt 00:00:42]} Nxc5 {[%clk 00:01:45]} {[%emt 00:00:26]} 27. Qxe5 {[%clk
00:03:28]} {[%emt 00:00:01]} Nb3 {[%clk 00:01:30]} {[%emt 00:00:30]} 28. cxd5
{[%clk 00:02:04]} {[%emt 00:01:40]} Nxc1 {[%clk 00:01:42]} {[%emt 00:00:02]} 29.
dxe6 {[%clk 00:01:00]} {[%emt 00:01:19]} hxg3 {[%clk 00:01:43]} {[%emt
00:00:14]} 30. exf7 {[%clk 00:00:52]} {[%emt 00:00:23]} gxf2+ {[%clk 00:01:55]}
{[%emt 00:00:03]} 31. Kh2 {[%clk 00:01:02]} {[%emt 00:00:04]} Rd8 {[%clk
00:00:20]} {[%emt 00:01:51]} 32. Rxc1 {[%clk 00:00:35]} {[%emt 00:00:42]} b5
{[%clk 00:00:20]} {[%emt 00:00:15]} 33. Bg2 {[%clk 00:00:30]} {[%emt 00:00:20]}
Qb7 {[%clk 00:00:25]} {[%emt 00:00:10]} 34. Bxc6 {[%clk 00:00:24]} {[%emt
00:00:21]} Rxh3+ {[%clk 00:00:16]} {[%emt 00:00:24]} 35. Kxh3 {[%clk 00:00:23]}
{[%emt 00:00:15]} f1=Q+ {[%clk 00:00:29]} {[%emt 00:00:02]} 36. Rxf1 {[%clk
00:00:32]} {[%emt 00:00:06]} Qxc6 {[%clk 00:00:42]} {[%emt 00:00:02]} 37. f8=Q
{[%clk 00:00:28]} {[%emt 00:00:19]} 1-0

[ePGN "0.1;DGT LiveChess/2.2.5"]

[Event "M.I. Dvoretsky Memorial 2022"]
[Site "Moscow, Russia"]
[Date "????.??.??"]
[Round "7.1"]
[White "Dreev, Aleksey"]
[Black "Murzin, Volodar"]
[Result "0-1"]
[TimeControl "45'+15\""]
[WhiteTitle "GM"]
[BlackTitle "GM"]
[WhiteFideId "4100107"]
[BlackFideId "44155573"]
[WhiteElo "2606"]
[BlackElo "2561"]

1. d4 {[%clk 00:45:28]} d5 {[%clk 00:45:26]} {[%emt 00:00:05]} 2. Nf3 {[%clk
00:45:35]} {[%emt 00:00:08]} Nf6 {[%clk 00:45:31]} {[%emt 00:00:10]} 3. g3
{[%clk 00:45:35]} {[%emt 00:00:15]} Bg4 {[%clk 00:44:01]} {[%emt 00:01:46]} 4.
Bg2 {[%clk 00:42:39]} {[%emt 00:03:11]} e6 {[%clk 00:44:07]} {[%emt 00:00:09]}
5. c4 {[%clk 00:42:41]} {[%emt 00:00:12]} c6 {[%clk 00:44:16]} {[%emt
00:00:06]} 6. O-O {[%clk 00:41:18]} {[%emt 00:01:38]} Be7 {[%clk 00:43:34]}
{[%emt 00:00:58]} 7. Nbd2 {[%clk 00:37:46]} {[%emt 00:03:47]} Nbd7 {[%clk
00:42:37]} {[%emt 00:01:12]} 8. b3 {[%clk 00:37:53]} {[%emt 00:00:08]} O-O
{[%clk 00:42:13]} {[%emt 00:00:39]} 9. Bb2 {[%clk 00:35:48]} {[%emt 00:02:21]}
a5 {[%clk 00:41:39]} {[%emt 00:00:48]} 10. h3 {[%clk 00:34:21]} {[%emt
00:01:41]} Bh5 {[%clk 00:41:04]} {[%emt 00:00:51]} 11. g4 {[%clk 00:32:52]}
{[%emt 00:01:44]} Bg6 {[%clk 00:40:57]} {[%emt 00:00:23]} 12. Nh4 {[%clk
00:32:54]} {[%emt 00:00:12]} a4 {[%clk 00:40:04]} {[%emt 00:01:09]} 13. Nxg6
{[%clk 00:32:35]} {[%emt 00:00:34]} hxg6 {[%clk 00:40:16]} {[%emt 00:00:02]} 14.
Qc2 {[%clk 00:31:46]} {[%emt 00:01:04]} Bb4 {[%clk 00:39:20]} {[%emt 00:01:11]}
15. Rfd1 {[%clk 00:28:53]} {[%emt 00:03:07]} Re8 {[%clk 00:22:34]} {[%emt
00:17:01]} 16. Nf1 {[%clk 00:27:23]} {[%emt 00:01:45]} Bd6 {[%clk 00:21:42]}
{[%emt 00:01:08]} 17. e3 {[%clk 00:24:12]} {[%emt 00:03:25]} Nh7 {[%clk
00:15:26]} {[%emt 00:06:31]} 18. f3 {[%clk 00:14:58]} {[%emt 00:09:29]} g5
{[%clk 00:14:03]} {[%emt 00:01:39]} 19. Bc3 {[%clk 00:13:53]} {[%emt 00:01:20]}
Nhf8 {[%clk 00:13:35]} {[%emt 00:00:43]} 20. cxd5 {[%clk 00:11:27]} {[%emt
00:02:41]} exd5 {[%clk 00:11:37]} {[%emt 00:02:14]} 21. bxa4 {[%clk 00:11:36]}
{[%emt 00:00:06]} Nb6 {[%clk 00:11:27]} {[%emt 00:00:25]} 22. Rab1 {[%clk
00:09:17]} {[%emt 00:02:34]} Ra7 {[%clk 00:11:22]} {[%emt 00:00:20]} 23. e4
{[%emt 00:04:02]} Bf4 {[%clk 00:11:02]} {[%emt 00:00:10]} 24. Be1 {[%clk
00:04:00]} {[%emt 00:02:10]} Ne6 {[%clk 00:09:30]} {[%emt 00:01:48]} 25. Bf2
{[%clk 00:03:42]} {[%emt 00:00:33]} Nc4 {[%clk 00:09:12]} {[%emt 00:00:33]} 26.
Rb4 {[%clk 00:02:41]} {[%emt 00:01:15]} Qa5 {[%clk 00:07:41]} {[%emt 00:01:46]}
27. exd5 {[%clk 00:01:35]} {[%emt 00:01:21]} Qxb4 {[%clk 00:05:54]} {[%emt
00:02:02]} 28. dxe6 {[%clk 00:01:48]} {[%emt 00:00:02]} fxe6 {[%clk 00:05:47]}
{[%emt 00:00:22]} 29. Rb1 {[%clk 00:00:47]} {[%emt 00:01:16]} Qxa4 {[%clk
00:05:34]} {[%emt 00:00:28]} 30. Qg6 {[%clk 00:00:58]} {[%emt 00:00:03]} Re7
{[%clk 00:04:26]} {[%emt 00:01:23]} 31. h4 {[%clk 00:01:05]} {[%emt 00:00:09]}
Ra8 {[%clk 00:03:31]} {[%emt 00:01:11]} 32. hxg5 {[%clk 00:00:57]} {[%emt
00:00:23]} Qa5 {[%clk 00:03:25]} {[%emt 00:00:20]} 33. Qd3 {[%clk 00:00:24]}
{[%emt 00:00:47]} Qd5 {[%clk 00:03:31]} {[%emt 00:00:10]} 34. g6 {[%clk
00:00:30]} {[%emt 00:00:09]} Rxa2 {[%clk 00:03:29]} {[%emt 00:00:18]} 35. Re1
{[%clk 00:00:39]} {[%emt 00:00:05]} b5 {[%clk 00:02:30]} {[%emt 00:01:15]} 36.
Re4 {[%clk 00:00:42]} {[%emt 00:00:12]} e5 {[%clk 00:02:06]} {[%emt 00:00:39]}
37. Qb1 {[%clk 00:00:44]} {[%emt 00:00:13]} Rea7 {[%clk 00:01:24]} {[%emt
00:00:57]} 38. dxe5 {[%clk 00:00:46]} {[%emt 00:00:14]} Bh2+ {[%clk 00:00:51]}
{[%emt 00:00:47]} 39. Kxh2 {[%clk 00:00:43]} {[%emt 00:00:18]} Rxf2 {[%clk
00:01:05]} {[%emt 00:00:01]} 40. Kg3 {[%clk 00:00:20]} {[%emt 00:00:38]} Rxf1
{[%clk 00:00:47]} {[%emt 00:00:33]} 41. Qxf1 {[%clk 00:00:19]} {[%emt
00:00:16]} Nd2 {[%clk 00:01:01]} {[%emt 00:00:01]} 42. Qh1 {[%clk 00:00:16]}
{[%emt 00:00:17]} Nxe4+ {[%clk 00:01:14]} {[%emt 00:00:02]} 43. Kf4 {[%clk
00:00:29]} {[%emt 00:00:03]} Qd2+ {[%emt 00:00:33]} 44. Kxe4 {[%clk 00:00:33]}
Ra4+ {[%clk 00:01:19]} {[%emt 00:00:02]} 45. Kf5 {[%clk 00:00:45]} {[%emt
00:00:03]} Rf4+ {[%clk 00:01:32]} {[%emt 00:00:02]} 46. Ke6 {[%clk 00:00:49]}
{[%emt 00:00:11]} Qd5+ {[%clk 00:01:46]} {[%emt 00:00:02]} 47. Ke7 {[%clk
00:01:03]} {[%emt 00:00:01]} Qxe5+ {[%clk 00:01:59]} {[%emt 00:00:02]} 48. Kd7
{[%clk 00:01:16]} Rd4+ {[%clk 00:02:05]} {[%emt 00:00:09]} 49. Kc8 {[%clk
00:01:27]} {[%emt 00:00:05]} Qe8+ {[%clk 00:02:01]} {[%emt 00:00:19]} 50. Kb7
{[%clk 00:01:38]} {[%emt 00:00:04]} Rd7+ {[%clk 00:02:13]} {[%emt 00:00:04]} 51.
Kb6 {[%clk 00:01:43]} {[%emt 00:00:10]} Qb8+ {[%clk 00:02:12]} {[%emt
00:00:15]} 0-1